Sports Quiz

Random Sports or Baseball Quiz

25 Baseball Players who wore jersey #20 Quiz Stats

Quiz not verified by Sporcle

Challenge
Share
Tweet
Score 0/25 Timer 05:00
0 Plays Today
% Correct
Jorge Posada
97.3%
Mike Schmidt
93.2%
Lou Brock
91.8%
Frank Robinson
89%
Luis Gonzalez
89%
Don Sutton
82.2%
Kevin Youkilis
82.2%
Frank White
75.3%
Howard Johnson
69.9%
Gorman Thomas
63%
Jeromy Burnitz
63%
Cesar Geronimo
58.9%
Mark Lemke
54.8%
% Correct
Tony Armas
53.4%
Bruce Benedict
39.7%
Ron Karkovice
38.4%
Tony Eusebio
31.5%
Matt Joyce
26%
Horace Clarke
20.5%
Joe Horlen
16.4%
Mike Fitzgerald
16.4%
Vic Wertz
9.6%
Tiny Bonham
5.5%
Red Munger
4.1%
Daryl Spencer
4.1%

You're not logged in!

Compare scores with friends on all Sporcle quizzes.
Join for Free
OR
Log In

You Might Also Like...

Show Comments

Extras

Top Quizzes Today


Score Distribution

Your Account Isn't Verified!

In order to create a playlist on Sporcle, you need to verify the email address you used during registration. Go to your Sporcle Settings to finish the process.

Report this User

Report this user for behavior that violates our Community Guidelines.

Details: